000 00666nam a22002537a 4500
003 UA-OsUOA
001 22364
007 ta
008 20031219b un ||||| |||| 00| 0 ukr d
100 _aВаліцький А.
090 _a141.82
_bВ15
942 _cBK
040 _aUA-OsUOA
_bukr
_cUA-OsUOA
_dUA-OsUOA
245 _aМарксизм і стрибок у царство свободи
_bІсторія комуністичної утопії
300 _a510 с.
955 _a0
041 _aukr
080 _a141.82
020 _a966-95607-3-Х
260 _aКиїв
_bВсесвіт
_c1999
044 _aUA
650 7 _2UDC
999 _c308582
_d308582